Genome : the autobiography of a species in 23 chapters (Record no. 31519)

MARC details
000 -LEADER
fixed length control field 00758nam a2200205 a 4500
008 - FIXED-LENGTH DATA ELEMENTS--GENERAL INFORMATION
fixed length control field 120615s1999 ||||||||||||||||| || u
010 ## - LIBRARY OF CONGRESS CONTROL NUMBER
LC control number 99040933
020 ## - INTERNATIONAL STANDARD BOOK NUMBER
International Standard Book Number 0060194979
050 ## - LIBRARY OF CONGRESS CALL NUMBER
Classification number QH 431 Rid
100 ## - MAIN ENTRY--PERSONAL NAME
Personal name Ridley, Matt
245 10 - TITLE STATEMENT
Title Genome : the autobiography of a species in 23 chapters
Statement of responsibility, etc. by Matt Ridley.
260 ## - PUBLICATION, DISTRIBUTION, ETC.
Place of publication, distribution, etc. London:
Name of publisher, distributor, etc. Harper Perennial
Date of publication, distribution, etc. 1999
300 ## - PHYSICAL DESCRIPTION
Extent 344 p.
350 ## -
-- 0.00
500 ## - GENERAL NOTE
General note Includes bibliographical references and index.
650 #0 - SUBJECT ADDED ENTRY--TOPICAL TERM
Topical term or geographic name entry element HUMAN GENOME -- POPULAR WORK
650 #0 - SUBJECT ADDED ENTRY--TOPICAL TERM
Topical term or geographic name entry element HUMAN GENETICS --POPULAR WORKS
995 ## -
-- MEDICAL LIBRARY OPEN ACCESS
-- 742809
-- CBU-SCHOOL OF MEDICINE LIBRARY (Ndola)
-- 0.00
-- QH 431 Rid
-- 1
-- AVAILABLE
-- Jun 15, 2012
-- 742809
-- Medical Library Open Access Collection
999 ## -
-- 31519
-- 31519
Holdings
Withdrawn status Lost status Source of classification or shelving scheme Damaged status Not for loan Permanent Location Current Location Shelving location Date acquired Total Checkouts Full call number Barcode Date last seen Price effective from Koha item type
          CBU-SCHOOL OF MEDICINE LIBRARY, NDOLA. CBU-SCHOOL OF MEDICINE LIBRARY, NDOLA.   11/30/2022   QH 431 Rid 742809 11/30/2022 11/30/2022 MONOGRAPH